[Event "Hoogovens op"]
[Site "Wijk aan Zee"]
[Date "1995.01.??"]
[Round "4"]
[White "Zapata, Alonso"]
[Black "Van der Wiel, John"]
[Result "1-0"]
[WhiteElo "2535"]
[BlackElo "2570"]
[Annotator "Boensch,U"]
[PlyCount "127"]
[EventDate "1995.01.??"]
[EventType "swiss"]
[EventRounds "12"]
[EventCountry "NED"]
[SourceTitle "CBM 046"]
[Source "ChessBase"]
[SourceDate "1995.06.01"]
[SourceVersion "1"]
[SourceVersionDate "1995.06.01"]
[SourceQuality "1"]

{Das Springeropfer auf f5 - Schwarz kann sich behaupten!} 1. e4 c5 2. Nf3 d6 3.
d4 cxd4 4. Nxd4 Nf6 5. Nc3 Nc6 6. Bc4 e6 7. Be3 Be7 8. Qe2 a6 9. O-O-O Qc7 10.
Bb3 Na5 11. g4 b5 12. g5 Nxb3+ 13. axb3 Nd7 14. Nf5 $5 exf5 (14... b4 15. Nxg7+
$6 (15. Nxe7 bxc3 16. Nxc8 cxb2+ 17. Kxb2 Rxc8 18. Rd4 O-O 19. Rhd1 Nb6 20. Kb1
Rb8 21. Qxa6 Rfc8 22. Qd3 Nc4 $44 {Furhoff,J-Balashov,Y Rilton Cup op (02)
1992 1/2 32}) (15. Bd4 Bxg5+ 16. Kb1 Bf6 17. Bxf6 Nxf6 18. Nxd6+ Ke7 19. e5
bxc3 20. exf6+ gxf6 21. Qh5 Rf8 22. Rhe1 cxb2 23. Kxb2 Rb8 24. Nf5+ Ke8 25. Qh4
Rg8 26. Qxf6 Rb6 27. Rg1 Rxg1 28. Qh8+ {1-0 Prie,E-Muir,A Novi Sad olm (14)
FRA-SCO 1990}) 15... Kf8 16. Qh5 Kxg7 17. Bd4+ Kg8 $3 {Wahls,M-Rechlis Bern 
(zt) 1990} 18. Nd5 $1 (18. Rhg1 Ne5 19. f4 Ng6 20. Bxh8 Nxf4 21. Qf3 bxc3 22.
Qxf4 e5 23. Qe3 Kxh8 $17 {Zimmersmann,R-Feher,G Budapest Spring op 1992 1-0 32}
) 18... exd5 19. g6 fxg6 20. Qxd5+ Kf8 21. Qxa8 $15) 15. Nd5 Qd8 (15... Qc6 $2
16. exf5 Ne5 17. f4 Bxf5 18. fxe5 Rc8 19. c3 dxe5 20. Bf4 $16 {Hartmann,
G-Breyther,R BL 1987}) 16. exf5 Bb7 (16... O-O 17. f6 Nxf6 18. gxf6 Bxf6 19.
Bb6 Bg5+ 20. f4 Bxf4+ 21. Kb1 Qg5 22. Rhg1 Qh6 23. Nxf4 Qxf4 24. Qg2 g6 25.
Qxa8 $18 {Kotronias,V-Camilleri,H Zouberi zt (3) 1993 1-0 29}) 17. f6 (17. Rhe1
Bxd5 18. Rxd5 O-O 19. f6 Nxf6 20. gxf6 Bxf6 21. Qd2 Qc7 {1/2 Landenbergue,
C-Muir,A Manila olm (08.23.4) 1992}) 17... gxf6 (17... Bxd5 18. fxg7 (18. fxe7
Qa5 19. Rxd5 Qa1+ 20. Kd2 Qxh1 $19) 18... Rg8 19. Rxd5 Rxg7 20. Re1 Rg6 $15 {
Hector,J-Fishbein,A Kerteminde 1991}) 18. Rhe1 (18. gxf6 $2 Bxd5 19. Rxd5 Nxf6
20. Rf5 $5 Qa5 21. Kb1 O-O-O 22. Bd4 Rhe8 23. Qf3 Nd7 24. Qa8+ Nb8 $17) 18...
Bxd5 19. Rxd5 Rg8 20. gxf6 (20. Bf4 Kf8 21. Qd2 (21. Qh5 Qa5 22. Qe2 Qd8 23.
Qh5 Qa5 24. Qe2 Ne5 25. gxf6 Bxf6 26. Rxd6 Re8 $17 {Garber,S-Fishbein,A New
York op (7) 1991 0-1 32}) 21... Rxg5 (21... Ne5 $2 22. gxf6 Bxf6 23. Bh6+ Bg7
24. Rxd6 Qh4 25. Bg5 Nd3+ 26. Kb1 Qxf2 27. Be7+ Ke8 28. Bh4+ Qxe1+ 29. Bxe1 Ne5
30. Qd5 Rc8 31. Bg3 {1-0 Gabler,B-Forgacs,G Sankt Augustin (08) 1990}) 22. Bxg5
fxg5 23. h4 a5 $1 $17 {Hector,J-Fishbein,A Stavanger 1991}) (20. h4 Rc8 21. f4
Kf8 22. Kb1 Nc5 23. Red1 Qe8 24. Qh5 Rg7 25. Bd4 Nd7 26. Re1 Qd8 27. Qe2 Rg6
28. h5 Rg8 29. Qe4 fxg5 30. Qxh7 Bf6 31. Rf5 Rh8 $19 {Lind,JO-Schneider,LA
SVE-ch (07) 1992 0-1 42}) 20... Nxf6 21. Rf5 Ng4 (21... Rb8 22. h4 (22. Bd4 Kd7
23. Qf3 Rg6 24. c3 Kc7 25. Kc2 Rb7 26. Ra1 Nd7 27. Rxa6 $44 {Zapata,A-Becerra
Rivero,J Capablanca mem-A (11) 1994 1-0 52 - CBM 43}) 22... Ne4 (22... Ng4 23.
Bg5 f6 24. Qxg4 fxg5 25. Qh5+ Kd7 26. Rxe7+ Qxe7 27. Rf7 gxh4 28. Rxe7+ Kxe7
29. Qxh7+ {1/2 Sion Castro,M-Atalik,S Oviedo 25' (13) 1993}) 23. Bf4 Rg6 24.
Qxe4 Re6 25. Qh1 Qd7 26. Rh5 Rc8 27. Kb1 Rc5 28. Rxh7 Rxe1+ 29. Qxe1 Qf5 30.
Bxd6 {1-0 Frolov,A-Bagaturov,G Biel izt (13) 1993}) (21... Rg6 22. Bb6 Qd7 23.
Qf3 Rb8 24. Rxf6 Rxb6 25. Qa8+ Qd8 26. Rxe7+ Kxe7 27. Rxf7+ Kxf7 28. Qxd8 $14 {
Furhoff,J-Hjelm,N Stockholm 1992 1/2 63}) 22. Qf3 (22. Bg5 Ne5 23. Bxe7 Qxe7
24. f4 Qe6 25. Qe4 Nd3+ 26. Kd2 Nxe1 27. Qxa8+ Ke7 28. Qb7+ Kf8 29. Qb8+ {
1/2 Waitzkin,J-De Firmian,N Bermuda (06) 1995 - CBM 46}) 22... Rc8 23. Bd4 Ne5
24. Qh3 Rg5 (24... Qc7 25. c3 Rg5 $17) 25. Rxg5 Bxg5+ 26. Kb1 h6 27. Qf5 (27.
Bxe5 dxe5 28. Rxe5+ Kf8 29. Rxg5 hxg5 30. Qh8+ Ke7 31. Qe5+ Kd7 32. Qd5+ Kc7
33. Qc5+ Kb7 $19) 27... Qd7 28. Qe4 Qc6 29. Qf5 Qd7 30. Qe4 Qc6 31. Qf5 Be7 $19
32. Re3 Rc7 33. Qh7 Qh1+ 34. Ka2 Qxh2 35. Qf5 (35. Qh8+ Kd7 36. Rxe5 dxe5 37.
Bxe5 Qxf2 $19) 35... Nc6 36. Bc3 Qh4 (36... d5 $19) 37. Bf6 Nb4+ $4 (37... Qb4
$19) 38. Ka3 Nxc2+ $2 (38... Qxf6 39. Qxf6 Nxc2+ 40. Ka2 Nxe3 41. Qh8+ Kd7 42.
fxe3 Bg5 $15) 39. Qxc2 Qxf6 (39... Rxc2 40. Rxe7+ Kf8 41. Bxh4 $18) 40. Qxc7
$14 d5+ 41. Ka2 Kf8 42. Qc8+ Bd8 43. Qd7 Be7 44. Qxd5 Qd6 (44... Qxf2 $4 45.
Rf3 $18) 45. Qe4 (45. Qxd6 Bxd6 $14) 45... Bg5 46. Rf3 Kg7 47. Rg3 Kf8 48. Rg4
Qd7 49. Qg2 Qd2 50. b4 Qd1 51. Qg1 Qd5+ (51... Qxg1 52. Rxg1 $14) 52. Ka1 f5
53. Rg3 Qd4 54. Qe1 Bf6 55. Qc1 f4 (55... Qxf2 56. Qxh6+ Kf7 57. Qg6+ Ke7 58.
Rg2 Qe1+ 59. Ka2 Qe6+ $10) 56. Ra3 Qxb4 57. Rxa6 Kf7 58. Qc2 Qd4 59. Qh7+ Bg7
60. Qf5+ (60. Qg6+ Kf8 61. Ra8+ Ke7 62. Re8+ Kd7 63. Qe6+ Kc7 64. Rc8+ Kb7 65.
Qc6+ Ka7 66. Ra8#) 60... Bf6 61. Qh7+ Bg7 62. Qg6+ Kf8 63. Ra8+ Ke7 64. Re8+
1-0

[Event "Leon"]
[Site "Leon"]
[Date "1992.??.??"]
[Round "6"]
[White "Sion Castro, Marcelino"]
[Black "Tukmakov, Vladimir B"]
[Result "1-0"]
[WhiteElo "2375"]
[BlackElo "2535"]
[Annotator "Boensch,U"]
[PlyCount "47"]
[EventDate "1992.04.??"]
[EventType "tourn"]
[EventRounds "9"]
[EventCountry "ESP"]
[EventCategory "11"]
[SourceTitle "CBM 031"]
[Source "ChessBase"]
[SourceDate "1992.12.01"]
[SourceVersion "1"]
[SourceVersionDate "1992.12.01"]
[SourceQuality "1"]

1. e4 c5 2. Nf3 d6 3. d4 cxd4 4. Nxd4 Nf6 5. Nc3 Nc6 6. Bc4 e6 7. Be3 a6 8. Qe2
Qc7 9. O-O-O Na5 10. Bd3 b5 11. g4 b4 12. Na4 (12. Nb1 e5 13. Nf5 Be6 14. b3 g6
15. g5 Nd7 16. Nh6 Bg7 17. h4 Nc5 18. Nd2 Rc8 19. Kb1 Nxd3 20. Qxd3 Qc3 21. h5
Nb7 22. Qxa6 Qxc2+ 23. Ka1 Qc3+ 24. Kb1 Qc2+ 25. Ka1 {1/2 Nunn,J-Salov,V Wijk 
(03) 1992}) 12... Bb7 (12... Bd7 13. b3 (13. g5 $5) 13... Bxa4 14. bxa4 Qb7 15.
f3 Nd7 16. Nb3 Nc6 $13 {Mantovani,R-Lerner,K Geneve 1988 0-1 40 -Inf.45/285})
13. Nxe6 (13. Kb1 Be7 14. Nb6 Rd8 15. g5 Nxe4 16. Bxa6 O-O 17. Bxb7 Nxb7 18.
Nf5 exf5 19. Nd5 Qd7 20. f3 Nxg5 21. Rhg1 Ne6 22. Bd4 Bg5 23. Bf6 h6 $19 {
Sokolov,D-Nikolaev,S URS-sf Voronez 1991 0-1 27}) 13... fxe6 14. Bb6 Qd7 15. b3
Nc6 16. g5 Ng8 17. f4 Qf7 $2 (17... Nge7 18. Bc4 Nc8 19. f5 Qe7 20. Bxe6 Qxg5+
21. Kb1 Qf6 22. Nc5 Nxb6 23. Nxb7 Nd4 24. Qe3 Nb5 25. Qxb6 Qc3 26. Bd7+ Kxd7
27. Nc5+ $13 {Zaitshik,G-Kovalev,A Borzomi 1984 1/2 36 -Inf.38/342}) 18. Rhf1
h6 19. e5 d5 (19... dxe5 20. fxe5 Qe7 21. Bg6+ $18) (19... hxg5 20. fxg5 $18)
20. f5 $1 $18 hxg5 21. fxe6 Qxe6 22. Bf5 Qh6 (22... Qxe5 $2 23. Rxd5 $3 Qxe2
24. Bg6+ Ke7 25. Bc5+ Ke6 26. Bf7#) 23. Rxd5 Bc8 24. Qg4 {Boensch} 1-0

[Event "BCF-ch"]
[Site "Dundee"]
[Date "1993.??.??"]
[Round "5"]
[White "Emms, John M"]
[Black "Hennigan, Michael"]
[Result "0-1"]
[WhiteElo "2455"]
[BlackElo "2415"]
[Annotator "Bulletin"]
[PlyCount "86"]
[EventDate "1993.08.??"]
[EventType "swiss"]
[EventRounds "11"]
[EventCountry "SCO"]
[SourceTitle "CBM 038"]
[Source "ChessBase"]
[SourceDate "1994.02.01"]
[SourceVersion "1"]
[SourceVersionDate "1994.02.01"]
[SourceQuality "1"]

1. e4 c5 2. Nf3 Nc6 3. d4 cxd4 4. Nxd4 Nf6 5. Nc3 d6 6. Bc4 e6 7. Be3 Be7 8.
Qe2 a6 9. O-O-O Qc7 10. Bb3 Na5 11. g4 b5 12. g5 Nxb3+ 13. axb3 Nd7 14. h4 b4
15. Na4 Nc5 16. h5 Nxe4 (16... Bd7) 17. g6 Bf6 $1 (17... f5 $6) 18. gxf7+ (18.
Bf4 e5 19. Qxe4 Bb7 20. Qe2 Bxh1 21. Rxh1 O-O $1) 18... Kxf7 (18... Qxf7 19.
Nb6 Rb8 20. Nc6 Rb7 21. Nxc8 $40) 19. Rhg1 (19. Bf4 e5) 19... e5 $1 20. Nf3 Bf5
21. Kb1 (21. Nb6 Rab8 22. Nd5 Qa5 23. Kb1 Nc3+ (23... Rhc8 $17) 24. bxc3 bxc3
25. Qc4 Qa3 26. Nb6+ $13) 21... Rab8 22. Nd2 Nxd2+ (22... Qxc2+ 23. Kxc2 Nc3+
24. Qd3 (24. Kc1 Na2#) 24... Bxd3+ 25. Kxd3 Nxd1 26. Rxd1 d5 27. f3 $17) 23.
Rxd2 Rhc8 24. f4 Rb5 25. Qf2 exf4 26. Bxf4 Qc6 {/\ Rd5} 27. Bg5 (27. Bxd6 Rd5
28. Rxd5 Bxc2+ 29. Ka1 Qxd5 30. Nb6 Qa5+ $19) (27. Rgd1 d5 $1 {/\ d4-d3} (27...
Rd5 28. Rxd5 Bxc2+ 29. Ka1 (29. Ka2 Bxb3+ $1) 29... Bxb3 30. Nb6 $1 Bxd1 31.
Rxd1 Qc2 32. Qxc2 Rxc2 33. Na4)) (27. Rc1 d5 28. h6) 27... Qxc2+ $1 28. Rxc2 (
28. Ka2 Qxb3+ $3) 28... Rxc2 29. Qxf5 Rxf5 30. Bxf6 Rcf2 $1 31. Bd8 Rf1+ 32.
Rxf1 Rxf1+ 33. Kc2 Rh1 34. Ba5 Rxh5 35. Bxb4 Ke6 36. Bd2 g5 37. Nc3 g4 38. Kd3
Rh2 39. Ke3 h5 40. Ne4 d5 41. Nc5+ Kf5 42. Bc3 h4 43. Nd3 Rh3+ 0-1

[Event "EU-chT (Men) 10th"]
[Site "Debrecen"]
[Date "1992.11.??"]
[Round "3.1"]
[White "Rytshagov, Mikhail"]
[Black "Lanka, Zigurds"]
[Result "0-1"]
[WhiteElo "2385"]
[BlackElo "2490"]
[Annotator "Bulletin"]
[PlyCount "88"]
[EventDate "1992.11.20"]
[EventType "team-swiss"]
[EventRounds "9"]
[EventCountry "HUN"]
[SourceTitle "EU-chT"]
[Source "ChessBase"]
[SourceDate "1999.07.01"]
[SourceVersion "2"]
[SourceVersionDate "1999.07.01"]
[SourceQuality "1"]
[WhiteTeam "Estonia"]
[BlackTeam "Latvia"]
[WhiteTeamCountry "EST"]
[BlackTeamCountry "LAT"]

1. e4 c5 2. Nf3 Nc6 3. d4 cxd4 4. Nxd4 Nf6 5. Nc3 d6 6. Bc4 e6 7. Be3 Be7 8.
Qe2 a6 9. O-O-O Qc7 10. Bb3 O-O 11. Rhg1 Nd7 12. g4 Nc5 13. g5 Bd7 14. Qh5 Rfc8
15. Rg3 g6 16. Qh6 Bf8 17. Qh4 Nxd4 18. Rxd4 b5 $1 (18... Nxb3+ $6) 19. Rh3 h5
$1 20. gxh6 Kh7 $15 {|^} 21. Qf6 $6 (21. Rd2 $6 Bc6 $1 22. Bd4 (22. Qf6 Qe7 $1)
22... b4 23. Nd5 $5 Nxb3+ 24. axb3 Bxd5 (24... exd5 $4 25. Qf6 $18) 25. exd5 e5
26. Be3 a5 $17 {->}) (21. f4 $5 Qd8 $1 22. Qf2 $5 (22. Qxd8 Rxd8 23. Rg3 a5 $36
) (22. Qg3 $5)) 21... Be8 $1 $17 (21... Bc6 22. Rf3 $1 Ra7 23. h4 $40) 22. Bg5
$6 (22. Rd2 Qe7 $1 23. Qxe7 Bxe7 {/\ b4, a5-/+}) 22... Nd7 (22... a5 $2 23. e5
$1 dxe5 24. Rdh4 $1 {/\ Qg7!+-}) 23. Qf3 b4 $1 $19 24. Nb1 (24. Rxb4 $2 Qc5)
24... a5 25. Nd2 a4 26. Bc4 b3 $1 27. axb3 (27. cxb3 a3 $1) 27... a3 $1 28.
bxa3 Qc5 29. Be3 Qxa3+ 30. Kd1 Qb2 $1 31. Qg2 Ra1+ 32. Ke2 Qxc2 33. f4 (33. Kf3
Qd1+ 34. Kg3 Nf6) 33... e5 34. Rd3 Nf6 $1 {/\ Ng4} 35. Rg3 d5 $1 36. Bxd5 (36.
exd5 e4) 36... Bb5 37. Bc4 Rxc4 $1 38. bxc4 Bxc4 39. Bb6 Bb4 $1 40. Rge3 Qxd2+
41. Kf3 Bxd3 42. Qxd2 Bxd2 43. Rxd3 Bxf4 44. Bd8 Ra6 0-1

[Event "Match/Nation BUL-FRA"]
[Site "Bulgaria"]
[Date "1985.??.??"]
[Round "4"]
[White "Renet, Olivier"]
[Black "Inkiov, Ventzislav"]
[Result "0-1"]
[WhiteElo "2375"]
[BlackElo "2480"]
[Annotator "Chekhov,V"]
[PlyCount "82"]
[EventDate "1985.??.??"]
[EventType "team-schev"]
[EventRounds "12"]
[EventCountry "BUL"]
[SourceTitle "MCL"]
[Source "ChessBase"]
[SourceDate "1999.07.01"]
[SourceVersion "1"]
[SourceVersionDate "1999.07.01"]
[SourceQuality "1"]

1. e4 c5 2. Nf3 d6 3. d4 cxd4 4. Nxd4 Nf6 5. Nc3 Nc6 6. Bc4 e6 7. Be3 a6 8. Qe2
Qc7 9. O-O-O Na5 10. Bd3 b5 11. a3 (11. g4 $5 b4 12. Nb1 Bb7 13. Nd2 d5 14. f3
dxe4 15. fxe4 Nd7 16. Kb1 Nc5 17. h4 Nxd3 18. cxd3 Bc5 19. Rc1 $14 {Nunn,
I-Lamford,E/ENG/1979/}) 11... Rb8 $6 (11... Bb7 12. f4 Be7 13. g4 d5 14. exd5
Nxd5 15. Nxd5 Bxd5 16. Rhe1 Nc4 $132 {Westerinen,H-Polugaevsky,L/Tallinn/1973/}
) 12. f4 Be7 13. Bf2 (13. g4 $5) 13... Bb7 (13... b4 $5 14. axb4 Rxb4 15. Bxa6
O-O) 14. Rhe1 Rc8 (14... d5 $6 15. e5 Nd7 16. f5 $40) 15. g4 g6 $1 16. h3 (16.
f5 e5 {/\17.Nf3 Ng4/}) 16... O-O 17. f5 exf5 (17... e5 18. Nf3 d5 19. exd5 (19.
g5 Nxe4 20. Nxe4 dxe4 21. Bxe4 Bxe4 22. Qxe4 Rfe8 $13) (19. Bg3 $5) 19... Nxd5
20. Nxd5 Bxd5 21. Nxe5 (21. Qxe5 $2 Bxf3) 21... Ba2 $1 {/\Nb3><}) 18. Nxf5 $5 (
18. exf5 Rfe8 19. g5 (19. Qd2 d5 $5) 19... Bf8 20. Qd2 Nd7 $6) (18. gxf5 $5
Rfe8 19. Qf3 {/\Bh4,Rf1/}) 18... gxf5 19. exf5 Rfe8 20. Qd2 Bf8 21. Bd4 Re5 (
21... Bg7 22. g5 Nd7 23. f6 Bh8 (23... Bf8 24. Qf2 {/\Qh4/}) 24. Qf2 $13) 22.
g5 Nd5 23. Qf2 Rce8 (23... Nxc3 24. Bxc3 Rxe1 25. Rxe1 Nc4 26. f6 Ne5 27. Bxe5
dxe5 28. Qf5 e4 29. Rxe4 $1 $40) 24. Nxd5 $6 (24. f6 $5 Qd7 (24... Rxe1 25. Qf5
$1 Rxd1+ 26. Nxd1) 25. Qh4 h6 26. gxh6 {/\26... Re1 27.Qg3 Kh8 28.Qg7 Bg7 29.
fg Kg8 30.h7><}) 24... Bxd5 25. Rxe5 (25. f6 $2 Nb3+ 26. Kb1 Nxd4 27. Qxd4 h6
28. gxh6 Rxe1) 25... dxe5 26. Bb6 Nb3+ 27. Kb1 Bc5 28. Bxc7 Bxf2 29. cxb3 Bxb3
30. Bc2 (30. Rf1 e4 $1 31. Be2 (31. Bc2 Bxc2+ 32. Kxc2 e3 $19) 31... e3) 30...
Bxc2+ 31. Kxc2 Bd4 $1 (31... Rc8 32. Rd8+ Rxd8 33. Bxd8 $13) 32. Ba5 f6 $1 33.
gxf6 $2 (33. g6 hxg6 34. fxg6 Kg7 $19) (33. h4 $1 Kf7 {/\Rg8/} 34. Bc3 Rc8 35.
Kb3 Rc4 36. Bxd4 exd4 37. Ka2 {/\b3/}) 33... Kf7 34. Bc3 Rc8 35. Kb3 Rc4 36.
Bxd4 Rxd4 37. Rc1 (37. Rxd4 exd4 38. Kc2 Kxf6 39. Kd3 Kxf5 40. Kxd4 Kg5 41. Kc5
Kh4 42. Kb6 Kxh3 43. Kxa6 h5 44. Kxb5 h4 45. a4 Kg3 46. a5 h3 $19) 37... Kxf6
38. Rc6+ Kxf5 39. Rxa6 e4 40. Kc2 $6 (40. Kc3 $5 Rd3+ (40... Rd5 $1 41. Ra8 e3
42. Re8 Kf4) 41. Kc2) 40... e3 41. Ra8 Ke4 (41... Ke4 42. Re8+ Kf3 43. Kc3 Rd5
44. Rf8+ Kg2 45. Re8 Kf2 46. Rf8+ Ke1 47. b3 e2 $19) 0-1

[Event "Dhaka"]
[Site "Dhaka"]
[Date "1995.??.??"]
[Round "11"]
[White "Conquest, Stuart"]
[Black "Serper, Grigory"]
[Result "1/2-1/2"]
[WhiteElo "2520"]
[BlackElo "2585"]
[Annotator "Chekhov,V"]
[PlyCount "83"]
[EventDate "1995.??.??"]
[EventType "tourn"]
[EventRounds "13"]
[EventCountry "BAN"]
[EventCategory "9"]
[SourceTitle "CBM 048"]
[Source "ChessBase"]
[SourceDate "1995.10.01"]
[SourceVersion "1"]
[SourceVersionDate "1995.10.01"]
[SourceQuality "1"]

1. e4 c5 2. Nf3 d6 3. d4 cxd4 4. Nxd4 Nf6 5. Nc3 Nc6 6. Bc4 e6 7. Be3 a6 8. Qe2
Qc7 9. O-O-O Na5 10. Bd3 b5 11. a3 Be7 (11... Rb8 12. g4 Nc4 13. Bxc4 bxc4 14.
g5 Nd7 15. f4 Qb7 16. Qxc4 Qxb2+ 17. Kd2 Qxa3 $6 (17... Nb6 $5) 18. Nc6 Ra8 19.
Nd5 $1 exd5 20. exd5 Nc5 21. Rhe1 Kd7 22. Ra1 Qb2 23. Reb1 Nb3+ 24. Kd1 $1 Qxa1
25. Rxa1 Nxa1 26. Ne5+ $18 {Ghizdavu,D-Ghinda,M/Bucharest/1971/1|0/38/}) (11...
Bb7 12. g4 Rc8 13. g5 Nd7 14. f4 Nc4 $6 15. Ndxb5 axb5 16. Nxb5 Qb8 17. Bxc4
Bxe4 18. Rhe1 $16 {Hincic,Z-Madl,J/Budapest/1990/1|0 49/}) 12. g4 Bb7 13. g5
Nd7 14. f4 Rc8 $5 {N/} (14... Nc5 $5 15. Kb1 Nc6 (15... g6 $143 $6 16. Rhf1 Nc6
17. f5 Nxd4 18. Bxd4 e5 19. Be3 Bc6 20. Qf3 $16 {London,D-Gurevich,D/New York/
1985/1|0/27/}) 16. f5 O-O-O 17. fxe6 Nxd4 18. Bxd4 Nxe6 19. Qg4 Qd7 20. Nd5
Bxd5 21. exd5 Nxd4 22. Qxd4 Bxg5 23. Qxg7 $14 {Gosulich,R-Ungureanu,E/Siegen/
1970/1|0/43/}) 15. Qh5 $5 (15. f5 $5) (15. h4 $5) 15... g6 16. Qh6 Nc4 (16...
Bf8 17. Qh3 Bg7 18. Bxb5 $1) 17. Bxc4 Qxc4 18. Qg7 Rf8 19. Rhe1 Nc5 20. Ndxb5
$1 Nb3+ (20... axb5 $2 21. Rd4 Nb3+ 22. cxb3 Qxb3 23. Rb4 Qa2 24. Kd2 $1 Rxc3
25. Qxc3 $18) (20... Nxe4 $2 21. Rd4 Qc6 22. Na7 Qc7 23. Rxe4 Bxe4 24. Nxc8 $18
) 21. cxb3 Qxb5 22. Bd4 $1 Qxb3 23. Bf6 $16 e5 24. Rd3 Qe6 25. fxe5 dxe5 26.
Kb1 Bxa3 $8 (26... Bxf6 27. gxf6 $18) (26... Rd8 $4 27. Rxd8+ Kxd8 (27... Bxd8
28. Bxd8 $18) 28. Qxf8+ $18) 27. Red1 Be7 28. Bxe7 Qxe7 (28... Kxe7 $4 29. Qf6+
Qxf6 (29... Ke8 30. Rd8+ $18) 30. Rd7+ Ke8 (30... Ke6 31. R1d6#) 31. gxf6 Bc6
32. Re7#) 29. Nd5 $6 (29. Qf6 $142 $1 $16) 29... Bxd5 30. Rxd5 f6 (30... Rc5 $2
31. Rxc5 Qxc5 32. Qf6 $18) 31. Qxe7+ (31. gxf6 $5 Rxf6 32. Qh8+ Rf8 33. Qxe5
Qxe5 34. Rxe5+ Kf7 35. Rd7+ Kf6 36. Ra5 Rc6 37. Rxh7 Re8 38. Ra4 $14) 31...
Kxe7 32. Rd7+ Ke8 33. gxf6 (33. Rxh7 Rf7 $6 (33... fxg5 34. Rdd7 Rf2 35. Ra7
Rb8 36. Ka1 g4 37. Rxa6 Rfxb2 38. Rxg6 Rb1+ 39. Ka2 Kf8 40. Rh8+ Kf7 41. Rxb8
Rxb8 42. Rxg4 Kf6 $10) 34. Rh6 $1 $16) 33... Rxf6 34. Rxh7 Rf7 35. Rh8+ Rf8 36.
Rxf8+ Kxf8 37. Rd6 Kf7 $1 $10 38. b3 (38. Rxa6 Rc4 $10) 38... Rc3 39. Kb2 Rh3
40. Rxa6 Rxh2+ 41. Kc3 g5 42. Ra5 1/2-1/2

[Event "URS-ch51 Final"]
[Site "Lvov"]
[Date "1984.04.09"]
[Round "6"]
[White "Sokolov, Andrei"]
[Black "Tukmakov, Vladimir B"]
[Result "1-0"]
[WhiteElo "2495"]
[BlackElo "2550"]
[Annotator "ChessBase"]
[PlyCount "49"]
[EventDate "1984.04.03"]
[EventType "tourn"]
[EventRounds "17"]
[EventCountry "URS"]
[EventCategory "10"]
[SourceTitle "URS-ch"]
[Source "ChessBase"]
[SourceDate "1999.07.01"]
[SourceVersion "1"]
[SourceVersionDate "1999.07.01"]
[SourceQuality "1"]

1. e4 c5 2. Nf3 d6 3. d4 cxd4 4. Nxd4 Nf6 5. Nc3 Nc6 6. Bc4 e6 7. Be3 a6 8. Qe2
Qc7 9. O-O-O Na5 10. Bd3 b5 11. Bg5 Be7 12. a3 Rb8 13. Qe1 Nc4 14. f4 Bb7 15.
Rf1 Rc8 16. Bxc4 Qxc4 17. e5 dxe5 18. fxe5 {[#]} Ne4 (18... Nd5 $142 19. Ne4 (
19. Bxe7 Nxe7 $15) 19... Bxg5+ 20. Nxg5 O-O $11) 19. Bxe7 $1 $18 (19. Nxe4 Bxe4
20. Qxe4 Bxg5+ 21. Kb1 O-O $11) 19... Nxc3 20. Qf2 $1 f5 (20... Ne2+ 21. Kb1
$18) 21. exf6 Nxd1 22. Rxd1 g6 23. Bb4 (23. b3) 23... Kf7 24. b3 Qc7 25. Nxe6
1-0

[Event "WchT U26 08th"]
[Site "Maringa"]
[Date "1991.09.09"]
[Round "8"]
[White "Brunner, Lucas"]
[Black "Wolff, Patrick G"]
[Result "0-1"]
[WhiteElo "2505"]
[BlackElo "2545"]
[Annotator "ChessBase"]
[PlyCount "76"]
[EventDate "1991.09.01"]
[EventType "team-swiss"]
[EventRounds "9"]
[EventCountry "BRA"]
[SourceTitle "EXT 2020"]
[Source "ChessBase"]
[SourceDate "2019.10.17"]
[SourceVersion "1"]
[SourceVersionDate "2019.10.17"]
[SourceQuality "1"]
[WhiteTeam "Switzerland"]
[BlackTeam "US of America"]
[WhiteTeamCountry "SUI"]
[BlackTeamCountry "USA"]

{52/236} 1. e4 c5 2. Nf3 Nc6 3. d4 cxd4 4. Nxd4 Nf6 5. Nc3 d6 6. Bc4 e6 7. Be3
Be7 8. Qe2 a6 9. O-O-O (9. Bb3 {- 52/(236)}) 9... Qc7 10. Bb3 Na5 11. g4 b5 12.
g5 Nxb3+ 13. axb3 Nd7 14. b4 $6 (14. Qh5 {RR} g6 (14... Nf8 {Q 16/371}) 15. Qh6
Bf8 16. Qh3 Nc5 17. b4 Na4 18. Rd3 Nb6 $1 {~ Pugachev,A} (18... Bg7 {~})) 14...
O-O 15. f4 $6 a5 $1 16. Ncxb5 Qb7 17. Bd2 {N} (17. f5 {- 14/403}) 17... axb4
18. Bxb4 Ra1+ $2 (18... Nc5 $1 {-/+  19.<<he1 <<a1 20.<<d2 <<a4 21.c3 >>d7, }
19. Bxc5 dxc5 20. Nb3 Ra4) 19. Kd2 Ra4 20. c3 Nc5 21. Ra1 $1 (21. Rhe1 Bd7 {-/+
}) 21... Qa6 $5 (21... Nxe4+ 22. Kc2 $132) 22. Rxa4 Qxa4 23. Nc6 Ba6 24. Nxe7+
$2 (24. c4 $8 Bd8 $5 (24... Bxb5 25. cxb5 Bd8 {~})) 24... Kh8 25. Bxc5 Bxb5 26.
Qd1 (26. c4 Bxc4 27. Qd1 Bb3 28. Qa1 Qxe4 {-/+}) (26. Qe3 dxc5 {-/+}) 26...
Qxe4 27. Bxd6 (27. Bd4 Qxf4+ {-+}) 27... Ra8 $1 (27... Rd8 28. Kc1 Ra8 29. Ba3)
28. c4 $8 Qd4+ $5 (28... Bxc4 29. Kc3 $1 Be2 30. Qd4 (30. Qc2 Qe3+ 31. Kb4 Qb6+
(31... Qd4+ 32. Kb3 Bb5 33. Ra1 $3) 32. Kc3 Qxd6 33. Qxe2 Qxf4 $5 (33... Qxe7 {
-/+}) 34. Nc6 $5 Rc8 35. Qa6 Qf3+ 36. Kb4 Qxc6 {-/+}) 30... Qxh1 31. Be5 Qc1+
32. Kb4 Qe1+ 33. Qc3 $8 Qxc3+ 34. bxc3 {-/+}) 29. Ke2 (29. Kc1 Qxc4+ 30. Kb1
Qe4+ {-+}) (29. Ke1 Qe3+ 30. Kf1 Bxc4+ 31. Kg2 Be2 32. Qe1 Qf3+ 33. Kg1 Bd3 {
 >>e4} 34. h3 Ra1 {-+}) 29... Qxb2+ 30. Kf3 (30. Qd2 Bxc4+ 31. Ke3 Qb3+ {-+})
(30. Ke3 Bxc4 { 1/4c3}) 30... Bxc4 31. Kg3 $2 (31. Bc5 Ba6 $1 {-+}) (31. Re1
$5 {Gurevich,I} Qxh2 {~}) 31... Be2 $1 {-+} 32. Qg1 Qc3+ 33. Kh4 Qf3 34. h3 Ra3
$1 35. Bxa3 Qxf4+ 36. Qg4 Bxg4 37. hxg4 Qf2+ 38. Kh5 Qf3 0-1